Kassa és az ingyenes népoktatás
Článok víta pokrokové rozhodnutie bezplatného školenia. V Košiciach 3200 detí chodí do obecných škôl. Nový školský zákon však nastoľuje problémy konfesijného školstva - v Košiciach asi 500 detí. Štátna úhrad a stačí škole Uršulínok, ale nestačí evanjelickej a židovskej škole, ktoré budú mať značné ť...
| Médium: | Článok |
|---|---|
| Jazyk: | Hungarian |
| Témy: | |
| Zdroj: |
1. Felsőmagyarország : Kassai Napló 1. Roč. 24, č. 138 (12.06.1908) s. 1 a 2 |
| LEADER | 01206nab#a2200337#ar4500 | ||
|---|---|---|---|
| 001 | 000079907 | ||
| 003 | SVKKK | ||
| 005 | 20070329104731.0 | ||
| 008 | 060725c xo huno | ||
| FMT | |||
| 038 | |a SVKKK | ||
| 040 | |a SVKKK |b slo |e AACR2 | ||
| 041 | 0 | |a hun | |
| 044 | |a xo |c SK | ||
| 080 | |a 282:257 | ||
| 080 | |a 284.1:257 | ||
| 080 | |a 296:257 | ||
| 242 | 1 | 0 | |a Košice a bezplatné ľudové školstvo |
| 245 | 0 | 0 | |a Kassa és az ingyenes népoktatás |
| 500 | |a Ex/M 74 | ||
| 520 | 2 | |a Článok víta pokrokové rozhodnutie bezplatného školenia. V Košiciach 3200 detí chodí do obecných škôl. Nový školský zákon však nastoľuje problémy konfesijného školstva - v Košiciach asi 500 detí. Štátna úhrad a stačí škole Uršulínok, ale nestačí evanjelickej a židovskej škole, ktoré budú mať značné ťažkosti | |
| 650 | 0 | 4 | |a školstvo ľudové - školstvo konfesijné - problémy finančné - Košice - rok 1908 - správy |
| 773 | 0 | |t Felsőmagyarország : Kassai Napló |g Roč. 24, č. 138 (12.06.1908) s. 1 a 2 | |
| 957 | |a Košice | ||
| 958 | |a CI | ||
| 958 | |a DG | ||
| 958 | |a SK | ||
| 974 | |a Ba |d 20050804 | ||
| 992 | |a RBX | ||
| BAS | |||
| 998 | |a RETRO | ||